Pathophysiology : (Record no. 10947)
[ view plain ]
| 000 -LEADER | |
|---|---|
| fixed length control field | 00681nam a22001817a 4500 |
| 008 - FIXED-LENGTH DATA ELEMENTS--GENERAL INFORMATION | |
| fixed length control field | 090224t xxu||||| |||| 00| 0 eng d |
| 020 ## - INTERNATIONAL STANDARD BOOK NUMBER | |
| International Standard Book Number | 1605473901 |
| 020 ## - INTERNATIONAL STANDARD BOOK NUMBER | |
| International Standard Book Number | 9781605473901 |
| 082 ## - DEWEY DECIMAL CLASSIFICATION NUMBER | |
| Edition number | 22 |
| Classification number | 616.07 |
| Item number | PAT NR |
| 245 ## - TITLE STATEMENT | |
| Title | Pathophysiology : |
| Remainder of title | Concepts of altered health states / |
| Statement of responsibility, etc | [Edited by ] Carol Mattson Porth...[et. al.]. |
| 250 ## - EDITION STATEMENT | |
| Edition statement | 8th ed. |
| Remainder of edition statement | International edition |
| 260 ## - PUBLICATION, DISTRIBUTION, ETC. (IMPRINT) | |
| Place of publication, distribution, etc | London : |
| Name of publisher, distributor, etc | Lippincott Williams & Wilkins, |
| Date of publication, distribution, etc | c2009. |
| 300 ## - PHYSICAL DESCRIPTION | |
| Extent | xxxix, 1688 p. : |
| Other physical details | ill. col. ; |
| Dimensions | 28 cm. + |
| Accompanying material | 1 CD-ROM. |
| 504 ## - BIBLIOGRAPHY, ETC. NOTE | |
| Bibliography, etc | Includes bibliographical references and index. |
| 650 ## - SUBJECT ADDED ENTRY--TOPICAL TERM | |
| 9 (RLIN) | 2182 |
| Topical term or geographic name as entry element | Physiology, Pathological. |
| 700 1# - ADDED ENTRY--PERSONAL NAME | |
| 9 (RLIN) | 2181 |
| Personal name | Porth, Carol Mattson |
| 942 ## - ADDED ENTRY ELEMENTS (KOHA) | |
| Source of classification or shelving scheme | Dewey Decimal Classification |
| Item type | Book - Borrowing |
| Withdrawn status | Item status | Source of classification or shelving scheme | Materials specified (bound volume or other part) | Damaged status | Not for loan | Vendor | Home library | Current library | Shelving location | Date acquired | Cost, normal purchase price | Serial Enumeration / chronology | Total Checkouts | Total Renewals | Full call number | Barcode | Date last seen | Date last borrowed | Koha item type | Source of acquisition |
|---|---|---|---|---|---|---|---|---|---|---|---|---|---|---|---|---|---|---|---|---|
| Dewey Decimal Classification | BOX07 | Damaged | Baccah | Central Library | Central Library | First floor | 24/02/2009 | 352.00 | 6996 | 28 | 59 | 616.07 PAT | 000014965 | 18/08/2021 | 12/12/2012 | Book - Borrowing | ||||
| Dewey Decimal Classification | Lost In Inventory_2018-08-12 | Baccah | Central Library | Central Library | First floor | 30/09/2010 | 6996 | 9 | 616.07 PAT | 000022303 | 24/08/2022 | 03/04/2012 | CD | DVD - With book | |||||||
| Lost | Dewey Decimal Classification | Lost In Inventory_2015-8-23 | Baccah | Central Library | Central Library | First floor | 24/02/2009 | 352.00 | 6996 | 25 | 11 | 616.07 PAT | 000014862 | 13/03/2014 | 12/03/2014 | NB - Book (Non borrowing) | ||||
| Dewey Decimal Classification | Baccah | Central Library | Central Library | First floor | 24/02/2009 | 6996 | 11 | 5 | 616.07 PAT | 000014863 | 24/08/2022 | 23/09/2013 | CD | DVD - With book |